000
00295nam a2200133Ia 4500
005
20251222153636.0
008
251222s9999||||xx |||||||||||||| ||spa||
082
_a
985.46/V32
100
_a
Vargas Haya, Héctor
245
0
_a
Perú:
250
_a
1ra.ed.
264
_b
La Gaceta
942
_c
LIB
999
_c
32540
_d
32540